El teatro y los comediantes: breve historia del arte y los artistas
-д хадгалсан:
| Үндсэн зохиолч: | |
|---|---|
| Формат: | Ном |
| Хэл сонгох: | испани |
| Хэвлэсэн: |
Buenos Aires
Eudeba
1963
|
| Цуврал: | Lectores de Eudeba, 37
|
| Нөхцлүүд: | |
| Шошгууд: |
Шошго нэмэх
Шошго байхгүй, Энэхүү баримтыг шошголох эхний хүн болох!
|
MARC
| LEADER | 00000cam a2200000 a 4500 | ||
|---|---|---|---|
| 001 | UCX6193 | ||
| 003 | CL-VaPUC | ||
| 008 | 930429e19630000AG |||||||||||||||||spa|d | ||
| 082 | 0 | 4 | |a 792.015 |b CHA |2 21 |
| 100 | 0 | |a Chancerel, León |e author |9 322612 | |
| 245 | 1 | 3 | |a El teatro y los comediantes: breve historia del arte y los artistas |
| 300 | |a 159 p | ||
| 942 | |c BK | ||
| 945 | |d 19930429 00:00:00 | ||
| 260 | |a Buenos Aires |b Eudeba |c 1963 | ||
| 650 | 7 | |a TEATRO HISTORIA Y CRITICA |2 CL-VaPUC |9 267443 | |
| 583 | |a last modification |c 20140303 02:34:20 |k Rodrigo Vera | ||
| 490 | 0 | |a Lectores de Eudeba, 37 | |
| 999 | |c 226263 |d 226261 | ||
| 952 | |0 0 |1 0 |4 0 |6 792_015000000000000_CHA_1963 |7 0 |8 A |9 224497 |a BIBEDU |b BIBEDU |d 2019-11-15 |i 2932482 |o 792.015 CHA 1963 |p 2932482 |r 2019-11-15 |w 2019-11-15 |y BK |k LIT | ||
| 952 | |0 0 |1 0 |3 erb |4 0 |6 792_015000000000000_CHA_1963 |7 0 |8 A |9 224498 |a BIBART |b BIBART |i 505480K |o 792.015 CHA 1963 |p 505480K |r 2025-03-13 |w 2019-11-15 |y BK |z Catalogado en:20140307 |k ART | ||